Cuando los profesores cambian los alumnos cambian también (Registro nro. 60196)
[ vista simple ]
| 000 -LÍDER | |
|---|---|
| Campo fijo de descripción fija | 006920000a22001210004500 |
| 100 1# - ASIENTO PRINCIPAL--NOMBRE PERSONAL | |
| Nombre personal | Monroy, Paula Andrea |
| 245 10 - TÍTULO | |
| Título del Material | Cuando los profesores cambian los alumnos cambian también |
| 300 ## - DESCRIPCIÓN FÍSICA | |
| Extensión | Vol.0, núm.4 (Febrero, 2005), Páginas 7-8 |
| 500 ## - NOTA GENERAL | |
| Nota General | Paula Andrea Monroy es Coordinadora de las áreas de Formación e investigación de la Fundación para la Reconciliación. Es psicóloga egresada de la Unviersidad Javeriana con aplia experiencia en la asesoría sobre temas relacionados con el trabajo comunitario y la convivencia. |
| 773 0# - HOST ITEM ENTRY | |
| Title | Educación para la paz |
| 942 ## - TIPO DE MATERIAL (KOHA) | |
| Tipo de Item KOHA | Artículos de Revista |
| Estado de Material | Estado de Perdido | Estado de Dañado | No para Préstamo | Colección | Biblioteca de Origen | Biblioteca Permanente | Fecha de Adquisición | Total de Préstamos | Signatura Topográfica | Última vez visto | Fecha de Remplazo | Tipo de Material |
|---|---|---|---|---|---|---|---|---|---|---|---|---|
| Colección de Hemeroteca | Biblioteca FUSBC | Biblioteca FUSBC | 26/01/2016 | 26/01/2016 | 26/01/2016 | Artículos de Revista |
